Schoolhouse Rock - No More Kings Lyrics - Statistics

General Stats
  • This quiz has been taken 21 times
  • The average score is 265 of 399
Answer Stats
Answer % Correct
a
100%
I
100%
"I
100%
no
100%
(No
100%
and
94%
And
94%
be?
94%
be
94%
it
94%
It
94%
King
94%
King,
94%
more
94%
the
94%
The
94%
to
94%
To
94%
we
94%
when
94%
do
88%
do!
88%
Kings!
88%
Kings)
88%
over
88%
they
88%
They
88%
can
82%
don't
82%
Don't
82%
he
82%
He
82%
In
82%
in
82%
Rock,
82%
"We're
82%
were
82%
We're
82%
we're
82%
what
82%
you
82%
call
76%
home.
76%
home
76%
it's
76%
It's
76%
like
76%
look
76%
not
76%
on
76%
own.
76%
own
76%
their
76%
there."
76%
want!
76%
but
71%
But
71%
Could
71%
could
71%
country!
71%
England.
71%
England,
71%
free
71%
horizon
71%
may
71%
new
71%
of
71%
Rockin'
71%
rollin'
71%
rollin',
71%
said
71%
sea
71%
splashin'
71%
splashin',
71%
tea.
71%
tea
71%
find
65%
for
65%
Gonna
65%
gonna
65%
land
65%
land.
65%
place
65%
Plymouth
65%
say
65%
someone
65%
splishin'
65%
tax
65%
that
65%
this
65%
us
65%
way
65%
way.
65%
way!
65%
With
65%
without
65%
at
59%
George
59%
going
59%
If
59%
Mayflower
59%
Mother
59%
my
59%
our
59%
representation,
59%
see
59%
ship
59%
taxation
59%
them
59%
would
59%
all
53%
any
53%
better
53%
by
53%
called
53%
care!
53%
care!"
53%
cup
53%
end.
53%
into
53%
Looks
53%
people
53%
really
53%
sailed
53%
tell
53%
That's
53%
Third
53%
agree.
47%
Anything
47%
anything
47%
back
47%
biggest
47%
colonies
47%
Colonies
47%
down,
47%
fair!
47%
finally
47%
had
47%
has
47%
history!
47%
how
47%
now,
47%
now
47%
OK
47%
pilgrims
47%
up
47%
wanted
47%
your
47%
build
41%
come
41%
didn't
41%
done!
41%
give
41%
He's
41%
hoped
41%
kindly
41%
know
41%
know,
41%
loyalty
41%
missing
41%
Oh
41%
one
41%
one.
41%
only
41%
point
41%
president!
41%
run
41%
scary
41%
swore
41%
time
41%
turn
41%
until
41%
very
41%
built
35%
choice.
35%
dump
35%
elect
35%
even
35%
feel.
35%
harbor
35%
help
35%
"Hooray!"
35%
houses
35%
I'm
35%
knew
35%
nerve
35%
property,
35%
put
35%
revolution
35%
rule
35%
take
35%
taxed
35%
voice!
35%
worked
35%
around,
29%
bit
29%
cause
29%
clear
29%
command.
29%
complained,
29%
get
29%
he'd
29%
kinda
29%
knocked
29%
looked
29%
matter
29%
obey.
29%
proud
29%
show
29%
things
29%
til
29%
today!
29%
unfair,
29%
vowed
29%
won't
29%
yeah,
29%
you're
29%
being
24%
corn
24%
force
24%
grown?
24%
hold
24%
independent
24%
Nobody's
24%
planted
24%
still
24%
they'd
24%
planned.
18%
feeling
12%
No matching quizzes found
Score Distribution
Percent of People with Each Score
Percentile by Number Answered
Your Score History
You have not taken this quiz